[Event "Olympiad-40"]
[Site "Istanbul"]
[Date "2012.09.05"]
[Round "8.3"]
[White "Averbukh, Alex"]
[Black "Ezat, Mohamed Mahmoud"]
[Result "0-1"]
[WhiteElo "2211"]
[BlackElo "2453"]
[PlyCount "108"]
[EventDate "2012.08.28"]
[EventType "team-swiss"]
[EventRounds "11"]
[EventCountry "TUR"]
[SourceTitle "CBM 151"]
[Source "ChessBase"]
[SourceDate "2012.11.13"]
[SourceVersion "1"]
[SourceVersionDate "2012.11.13"]
[SourceQuality "1"]
[WhiteTeam "Japan"]
[BlackTeam "Egypt"]
[WhiteTeamCountry "JPN"]
[BlackTeamCountry "EGY"]

1. e4 c6 2. d4 d5 3. exd5 cxd5 4. c4 Nf6 5. Nc3 Be6 6. Qb3 Nc6 7. cxd5 Nxd5 8. Qxb7 Nxd4 9. Bb5+ Nxb5 10. Qxb5+ Qd7 11. Qxd7+ Kxd7 12. Nge2 g6 13. 0-0 Nxc3 14. Nxc3 Bg7 15. Rd1+ Kc6 16. Bg5 Rhd8 17. Bxe7 Rxd1+ 18. Nxd1 a5 19. Bg5 a4 20. Rc1+ Kd7 21. a3 Rb8 22. Bf4 Rb5 23. Rc2 Bb3 24. Rd2+ Ke6 25. Ne3 Rc5 26. Re2 Kd7 27. Ng4 Rc4 28. g3 f6 29. h4 Rd4 30. Nh2 Rd1+ 31. Kg2 Bd5+ 32. f3 f5 33. Be5 Bxe5 34. Rxe5 Rd2+ 35. Kg1 Kd6 36. Nf1 Rxb2 37. Re3 Bc4 38. Rc3 Bxf1 39. Kxf1 Rb3 40. Rc8 Rxf3+ 41. Kg2 Rxa3 42. Rh8 Re3 43. Kf2 Re7 44. Ra8 Re4 45. Ra5 Kc6 46. Ra7 Kb6 47. Rxh7 a3 48. Rd7 a2 49. Rd1 Ra4 50. Ra1 Kc5 51. Kf3 Kc4 52. h5 gxh5 53. Kf4 Kb3+ 54. Kxf5 Kb2 0-1

[Event "Olympiad-40"]
[Site "Istanbul"]
[Date "2012.08.30"]
[Round "3.4"]
[White "Averbukh, Alex"]
[Black "Ebeling, Daniel"]
[Result "1/2-1/2"]
[WhiteElo "2211"]
[BlackElo "2350"]
[PlyCount "74"]
[EventDate "2012.08.28"]
[EventType "team-swiss"]
[EventRounds "11"]
[EventCountry "TUR"]
[SourceTitle "CBM 151"]
[Source "ChessBase"]
[SourceDate "2012.11.13"]
[SourceVersion "1"]
[SourceVersionDate "2012.11.13"]
[SourceQuality "1"]
[WhiteTeam "Japan"]
[BlackTeam "Finland"]
[WhiteTeamCountry "JPN"]
[BlackTeamCountry "FIN"]

1. e4 e5 2. Nf3 Nc6 3. Bb5 f5 4. Nc3 fxe4 5. Nxe4 Nf6 6. Qe2 d5 7. Ng3 Bd6 8. Nxe5 0-0 9. Bxc6 bxc6 10. d4 Qe8 11. f4 a5 12. Bd2 Ba6 13. Qe3 c5 14. dxc5 Ng4 15. Nxg4 Bxf4 16. Qxe8 Raxe8+ 17. Kd1 Bxg3 18. hxg3 Be2+ 19. Kc1 Bxg4 20. Re1 Rxe1+ 21. Bxe1 Rf1 22. Kd2 Rg1 23. Ke3 Rxg2 24. Bxa5 Rxc2 25. b4 c6 26. Bc7 Rc4 27. a4 Bc8 28. Rb1 Kf7 29. Bd6 Bb7 30. Kd3 Ke8 31. Be5 g6 32. Bd4 Kd7 33. Rb2 h5 34. Bc3 Rg4 35. Be5 Rc4 36. Bc3 Rg4 37. Be5 Rc4 1/2-1/2

[Event "USA-chT Amateur East"]
[Site "Parsippany"]
[Date "2006.02.19"]
[Round "3"]
[White "Averbukh, Alex"]
[Black "Frumkin, Edward A"]
[Result "0-1"]
[WhiteElo "2158"]
[BlackElo "2038"]
[PlyCount "80"]
[EventDate "2006.02.18"]
[EventType "team"]
[EventRounds "6"]
[EventCountry "USA"]
[SourceTitle "CBM 111 Extra"]
[Source "ChessBase"]
[SourceDate "2006.05.09"]
[SourceVersion "1"]
[SourceVersionDate "2006.05.09"]
[SourceQuality "1"]

1. e4 d6 2. d4 Nf6 3. Nc3 g6 4. Be2 Bg7 5. Bg5 Nbd7 6. Qd2 h6 7. Be3 c6 8. 0-0-0 b5 9. e5 b4 10. Na4 Nd5 11. exd6 exd6 12. c4 bxc3 13. Nxc3 N7f6 14. Bf3 Be6 15. Nge2 Qd7 16. Nf4 Nxe3 17. fxe3 Bc4 18. e4 0-0 19. Rhg1 Rfe8 20. g4 Rac8 21. h4 Nh7 22. g5 h5 23. Nxh5 gxh5 24. Bxh5 Rc7 25. Qg2 Nf8 26. Bg4 Qe7 27. Bf5 c5 28. dxc5 Rxc5 29. h5 Bxa2 30. h6 Be5 31. Rd3 Ng6 32. Qf3 Qb7 33. Rg4 Bxc3 34. Rxc3 Ne5 35. Qg3 Nxg4 36. Rxc5 dxc5 37. h7+ Kh8 38. Qxg4 Qb4 39. g6 Qe1+ 40. Kc2 Bb1+ 0-1